| 000 | 00936nam a22002297a 4500 | ||
|---|---|---|---|
| 999 |
_c10074 _d10074 |
||
| 003 | AR-CdUCM | ||
| 008 | 190329b ||||| |||| 00| 0 spa d | ||
| 040 |
_aMUNICIPALIDAD PROVINCIAL DEL CUSCO _cBIBLIOTECA MUNICIPAL DEL CUSCO |
||
| 041 | _aeng | ||
| 082 |
_a901.1 / _bF34 L / 1942 |
||
| 100 |
_aFedern, Karl, _926721 |
||
| 245 | _aLa concepción materialista de la historia : análisis crítico / | ||
| 260 |
_aBuenos Aires : _bEspasa Calpe argentina, _c1942 |
||
| 300 |
_a267 paginas ; _c23 cm. |
||
| 505 | _aContenido : La teoría de la historia según Marx -- Las fuerzas productoras -- Las condiciones de la producción y la superestructura ideológica -- Las grandes revoluciones sociales... | ||
| 650 |
_aSuperestructura _926722 |
||
| 650 |
_aMaterialismo de la historia _926723 |
||
| 650 |
_aRevoluciones sociales _926724 |
||
| 700 |
_aReyles, Carlos María (Traductor) _926725 |
||
| 942 |
_2ddc _cLIBROS |
||
| 945 | _awnts | ||